000 01165nam a2200385 a 4500
001 20451
003 VRT
005 20260122142141.0
008 960531q1995 xo p 000 d slo c
020 _a8088834090 (brož.)
035 _aUKB000184588
040 _aBAA001
_bslo
_cBAA001
_eAACR2
041 1 _aslo
044 _axo
_cSK
080 _a875-93-22
100 0 _aAristophanes
_dmedzi 450-380 pred Kr.
243 1 0 _aStaroveká grécka dráma
245 0 0 _aLysistrata
_cAristofanes ; [prel. Vojtech Mihálik]
260 _aRohovce
_bInterpopulart Slovakia
_c[1995]
300 _a80 s
490 1 _aPopulart. Študentská knižnica
_v10
500 _aStaroveká grécka dráma
504 _aBibliogr. s. 80
650 0 7 _aliteratúra grécka klasická
650 0 7 _akomédie
653 _a875-93-22
700 1 _aMihálik, Vojtech,
_d1926-2001
_4trl
760 1 _tPopulart. Študentská knižnica
830 0 _aPopulart. Študentská knižnica
_v10
910 _aukb
942 _2ddc
_cKLDO
_n0
949 _61800004765
_a30.D.64390
_bPV.1833-96
949 _61800004764
_aSL.D.23199
_bPV.1834-96
949 _61800006907
_a30.D.64390
_bKD.161-96
999 _c20451
_d20451